00681cam a22002174a 450000100090000000300060000900500170001500800410003201000170007302000280009004000180011804200080013605000210014408200240016510000270018924500790021626000500029530000350034550400640038065000190044411785989GBCCL20241126110415.0990908s1999 caua b 001 0 eng  a 99046764  a087808777X (alk. paper) aDLCcDLCdDLC apcc00aBV637b.D46 199900a253.091732221bDEN1 aDennison, Jack,d1951-10aCity reaching :bon the road to community transformation /cJack Dennison. aPasadena, Calif. :bW. Carey Library,cc1999. axvii, 277 p. :bill. ;c22 cm. aIncludes bibliographical references (p. 275-277) and index. 0aCity churches.